000 01298nam a2200325 i 4500
001 17943
003 ES-MaACL
005 20250822055318.0
007 t|
008 010626s1948 ag f |||| | spa d
080 _a821.134.2.09
080 _a930.85(460)"04/14"
080 _a930.85(460:=411.16)
080 _a930.85(460:=411.21)
100 1 _aCastro, Américo,
_d1885-1972
_9226525
245 1 0 _aEspaña en su historia
_b: cristianos, moros y judíos /
_cAmérico Castro.
260 _aBuenos Aires :
_bLosada,
_c1948.
300 _a709 p., [7] h. de lám. ;
_c24 cm.
510 _aCCPB,
_c001294944-2
650 4 _aLiteratura española-
_xHistoria y crítica
_914560
651 7 _aEspaña-
_xCivilización-
_y0414-1474
_9161502
651 4 _aEspaña-
_xCivilización-
_xInfluencia árabe.
_98166
651 4 _aEspaña-
_xCivilización-
_xInfluencia judía.
_98167
852 _aES-MaACL
_jAND-44
_z. - Biblioteca Juan Andrade
852 _aES-MaACL
_jD-6375
_918478
_bR.29264
_bR.M.5970
_cSVI
_fSello en tinta azul de la Biblioteca del Ateneo de Madrid
_xEncuadernación holandesa
942 _2udc
_cMONOGRAFIA
999 _c17943
_d17943